| 000 | 00983nam a22003497a 4500 | ||
|---|---|---|---|
| 001 | BR2020000085 | ||
| 003 | BR-BrBNA | ||
| 005 | 20230928105502.0 | ||
| 007 | ta | ||
| 008 | 230509b bl.||||| |||| 00| 0 por d | ||
| 020 | _a978-85-8009-167-0 | ||
| 040 |
_aBR-BrBNA _bpor _cBiblioteca Nacional de Agricultura |
||
| 041 | _a(Por) | ||
| 072 | _aE10; E20; P01 | ||
| 090 | _ E10 BR2020000085 | ||
| 100 | 1 | _aWolfart, R.A. | |
| 245 | 1 | _aReflexões de um alemão cuiabano | |
| 260 | 3 |
_aCuiabá, MT (Brasil): _bCarlini e Caniato, _c2017. |
|
| 300 | _a287 p. | ||
| 500 | _a1 illus.; 1graph | ||
| 650 | _aPOLÍTICA PÚBLICA | ||
| 650 | _aPOLÍTICA AGRÍCOLA | ||
| 650 | _aPOLÍTICA ECONÔMICA | ||
| 650 | _aPOLÍTICA AMBIENTAL | ||
| 650 | _aPOLÍTICA FLORESTAL | ||
| 650 | _aPOLÍTICA DE ABASTECIMENTO | ||
| 650 | _aPOLÍTICA DE DESENVOLVIMENTO | ||
| 650 | _aPLANEJAMENTO AGRÍCOLA | ||
| 650 | _aAGRIBUSINESS | ||
| 909 |
_a202309 _bLucia _c55 _dLucia Elande |
||
| 942 | _cBK | ||
| 999 |
_c85342 _d85342 |
||